00314 a2200109 4500001001000000005001700010008004100027245002300068100002800091773006800119999001700187ART_5112820260410161810.0260409a 10aEl hilo de Ariadna1 aTruffat, Edgardo Daniel0 tDoctrina Societaria y Concursalg- N° 392 (jul. 2020)wREV4298 c21368d21368